Gentilés de la métropole strasbourgeoise. Où habitent les ... - Statistiques

Statistiques générales
  • Ce quiz a été pris 25 fois
  • Le résultat moyen est 26 sur 33
Statistiques - réponses
Gentilé Commune % Correct
B Bischheimois Bischheim
100%
B Breuschwickersheimois Breuschwickersheim
100%
E Eckbolsheimois Eckbolsheim
96%
S Strasbourgeois Strasbourg
96%
W Wolfisheimois Wolfisheim
96%
A Achenheimois Achenheim
91%
E Entzheimois Entzheim
91%
F Fegersheimois Fegersheim
91%
G Geispolsheimois Geispolsheim
91%
H Holtzheimois Holtzheim
91%
L Lingolsheimois Lingolsheim
91%
M Mundolsheimois Mundolsheim
91%
O Ostwaldois Ostwald
91%
B Blaesheimois Blaesheim
87%
E Eckwersheimois Eckwersheim
87%
H Hœnheimois Hœnheim
87%
K Kolbsheimois Kolbsheim
87%
L Lipsheimois Lipsheim
87%
S Souffelweyersheimois Souffelweyersheim
87%
L Lampertheimois Lampertheim
83%
L Wantzenauviens La Wantzenau
83%
P Plobsheimois Plobsheim
83%
S Schilikois Schiltigheim
83%
I Illkirchois Illkirch-Graffenstaden
78%
R Reichstettois Reichstett
78%
M Mittelhausbergeois Mittelhausbergen
74%
O Oberschaeffolsheimois Oberschaeffolsheim
70%
O Oberhausbergeois Oberhausbergen
65%
O Osthoffenois Osthoffen
65%
H Hangenbietenois Hangenbieten
61%
E Escoviens Eschau
26%
N Infradomimontains Niederhausbergen
26%
F Fédinois Vendenheim
13%
Aucun quiz correspondant
Distribution des résultats
% des personnes avec chaque résultat
Percentile par nombre de réponses
Votre historique - résultats
Vous n’avez pas pris ce quiz